[Event "NRW Class2 1112"]
[Site "Germany"]
[Date "2012.03.04"]
[Round "7.7"]
[White "Distelrath, Stephan"]
[Black "Janz, Stefan"]
[Result "1-0"]
[WhiteElo "2009"]
[BlackElo "1906"]
[PlyCount "65"]
[EventDate "2011.09.18"]
[EventType "team-tourn"]
[EventRounds "9"]
[EventCountry "GER"]
[SourceTitle "EXT 2015"]
[Source "ChessBase"]
[SourceDate "2014.11.20"]
[SourceVersion "1"]
[SourceVersionDate "2014.11.20"]
[SourceQuality "1"]
[WhiteTeam "Koeln Ford SF"]
[BlackTeam "Sendenhorst"]
[WhiteTeamCountry "GER"]
[BlackTeamCountry "GER"]

1. e4 c6 2. d4 d5 3. Nc3 dxe4 4. Nxe4 Bf5 5. Ng3 Bg6 6. h4 h6 7. h5 Bh7 8. Nf3 Nd7 9. Bd3 Ngf6 10. Bxh7 Nxh7 11. Bf4 e6 12. Qd3 Be7 13. 0-0-0 Ng5 14. Ne5 Nxe5 15. Bxe5 Bf6 16. f4 Nh7 17. Ne4 Bxe5 18. dxe5 Qxd3 19. Rxd3 Ke7 20. Rhd1 Rhd8 21. Rxd8 Rxd8 22. Rxd8 Kxd8 23. Nd6 Ke7 24. Nxb7 f6 25. Na5 Kd7 26. Nc4 c5 27. Kd2 Kc6 28. Kd3 Nf8 29. g4 Kd5 30. Ne3+ Kc6 31. Ke4 Nd7 32. Nc4 Kc7 33. a4 1-0

[Event "Muensterland Verbandsklasse-A 0304"]
[Site "Germany"]
[Date "2004.03.06"]
[Round "7.7"]
[White "Beyer, Jens"]
[Black "Janz, Stefan"]
[Result "0-1"]
[WhiteElo "1781"]
[BlackElo "1796"]
[PlyCount "114"]
[EventDate "2003.09.20"]
[EventType "team"]
[EventRounds "9"]
[EventCountry "GER"]
[SourceTitle "EXT 2005"]
[Source "ChessBase"]
[SourceDate "2004.11.15"]
[SourceVersion "1"]
[SourceVersionDate "2004.11.15"]
[SourceQuality "1"]
[WhiteTeam "Heiden II"]
[BlackTeam "Sendenhorst"]
[WhiteTeamCountry "GER"]
[BlackTeamCountry "GER"]

1. e4 c5 2. c4 Nc6 3. Nc3 g6 4. d3 Bg7 5. f4 d6 6. Be3 Qa5 7. Qd2 Nf6 8. h3 a6 9. g4 e6 10. Bg2 Bd7 11. Nge2 h5 12. g5 Ng8 13. 0-0 Nge7 14. d4 cxd4 15. Nxd4 Nxd4 16. Bxd4 Bxd4+ 17. Qxd4 Qc5 18. Rad1 Bc6 19. Rf2 Qxd4 20. Rxd4 Rd8 21. Rfd2 Nc8 22. c5 Ke7 23. cxd6+ Nxd6 24. e5 Nf5 25. Rxd8 Rxd8 26. Rxd8 Kxd8 27. Bxc6 bxc6 28. Ne4 Ne3 29. Kf2 Nd1+ 30. Ke2 Nxb2 31. Nc5 Kc7 32. Nxa6+ Kb6 33. Nb4 c5 34. Nd3 Na4 35. Nf2 Nc3+ 36. Kd3 Nd5 37. Kc4 Nxf4 38. a4 Kc6 39. a5 Nd5 40. Ne4 Ne3+ 41. Kd3 Nf5 42. Kc4 Ne3+ 43. Kd3 Nf5 44. a6 Kb6 45. Nd6 Kxa6 46. Nxf7 Kb5 47. Nd8 c4+ 48. Kc3 Ng7 49. Kd4 Nf5+ 50. Kc3 Ng7 51. Kd4 h4 52. Nb7 Kb4 53. Nd8 Kb3 54. Nc6 Nf5+ 55. Ke4 c3 56. Kd3 c2 57. Na5+ Ka4 0-1